000 00245nam a2200097 a 4500
005 20200930024141.0
008 110224s1997 000 spa d
245 0 _aCómo conocer el periodismo.
260 _aSanto Domingo,
_c1997.
999 _c25407
_d25407
040 _aDO-SdBNP